| 000 | 00000nas 2200000za 4500 |
| 001 | 9.858743 |
| 003 | CaOODSP |
| 005 | 20221107160055 |
| 007 | cr ||||||||||| |
| 008 | 180709d20002003oncar p o f0 b0fre|d |
| 022 | |a2561-8768 |
| 040 | |aCaOODSP|bfre |
| 043 | |an-cn--- |
| 086 | 1 |aCi1-31F-PDF|zCi51-94/2000F-PDF|zCi51-94/2003F-PDF |
| 222 | 0|aGuide du Programme de parrainage privé de réfugiés |b(En ligne) |
| 245 | 00|aGuide du Programme de parrainage privé de réfugiés |h[ressource électronique]. |
| 260 | |a[Ottawa] : |bCitoyenneté et immigration Canada |
| 310 | |aAnnuel |
| 362 | 1 |aParaît depuis 2000; ne paraît plus après 2003. |
| 500 | |aPubl. aussi en anglais sous le titre : Guide to the Private Sponsorship of Refugees Program. |
| 692 | 07|2gccst|aRéfugié |
| 692 | 07|2gccst|aProgramme fédéral |
| 710 | 1 |aCanada. |bCitoyenneté et immigration Canada. |
| 710 | 1 |aCanada. |bImmigration, réfugiés et citoyenneté Canada. |
| 775 | 08|tGuide to the Private Sponsorship of Refugees Program |w(CaOODSP)9.858741 |